Normal view
MARC view
- JEFFERY H. REED
Entry Personal Name
001 - CONTROL NUMBER
- control field: 255
003 - CONTROL NUMBER IDENTIFIER
- control field: NUST
005 - DATE AND TIME OF LATEST TRANSACTION
- control field: 20170509171607.0
008 - FIXED-LENGTH DATA ELEMENTS
- fixed length control field: 170509|| aca||aabn | a|a d
040 ## - CATALOGING SOURCE
- Original cataloging agency: NUST
- Transcribing agency: NUST
100 ## - HEADING--PERSONAL NAME
- Personal name: JEFFERY H. REED
670 ## - SOURCE DATA FOUND
- Source citation: Work cat.: (NUST)23247: JEFFERY H. REED, Software Radio , c2002
